[Event "Centrocoop June op-A"]
[Site "Eforie Nord"]
[Date "1999.06.??"]
[Round "?"]
[White "Tocan, Cristian"]
[Black "Martin, Teodor Vasile"]
[Result "1-0"]
[WhiteElo "2285"]
[BlackElo "2103"]
[PlyCount "89"]
[EventDate "1999.06.??"]
[EventType "swiss"]
[EventRounds "11"]
[EventCountry "ROU"]
[SourceTitle "EXT 2004"]
[Source "ChessBase"]
[SourceDate "2003.11.25"]
[SourceVersion "1"]
[SourceVersionDate "2003.11.25"]
[SourceQuality "1"]

1. e4 c5 2. Nf3 d6 3. g3 Nf6 4. Nc3 g6 5. Bg2 Bg7 6. d4 cxd4 7. Nxd4 0-0 8. 0-0 Nfd7 9. Be3 Nc6 10. Nd5 Nde5 11. c3 h6 12. h3 Nc4 13. Bc1 e6 14. Ne3 Nb6 15. Kh2 a6 16. b3 Nxd4 17. cxd4 d5 18. e5 f5 19. exf6 Qxf6 20. Bb2 Bd7 21. a4 Nc8 22. Rc1 Bc6 23. Ng4 Qf7 24. f4 Ne7 25. Ba3 Rae8 26. h4 h5 27. Ne5 Bxe5 28. fxe5 Qg7 29. Bh3 Rxf1 30. Qxf1 Nf5 31. Qf4 Qh6 32. Bxf5 Qxf4 33. Bxe6+ Qf7 34. Bxf7+ Kxf7 35. g4 hxg4 36. Kg3 Rc8 37. Rf1+ Kg7 38. e6 Be8 39. Bf8+ Kg8 40. Kxg4 Rc2 41. Bc5 Kg7 42. Bf8+ Kg8 43. Bh6 Re2 44. Rf8+ Kh7 45. Bf4 1-0

[Event "Centrocoop Sept op-A"]
[Site "Eforie Nord"]
[Date "1998.??.??"]
[Round "?"]
[White "Martin, Teodor Vasile"]
[Black "Seder, Nicolae"]
[Result "1/2-1/2"]
[WhiteElo "2115"]
[BlackElo "2300"]
[PlyCount "145"]
[EventDate "1998.09.??"]
[EventType "swiss"]
[EventRounds "11"]
[EventCountry "ROU"]
[SourceTitle "EXT 2000"]
[Source "ChessBase"]
[SourceDate "1999.11.16"]
[SourceVersion "1"]
[SourceVersionDate "1999.11.16"]
[SourceQuality "1"]

1. c4 e5 2. Nc3 Nc6 3. Nf3 Bb4 4. g3 Nf6 5. Bg2 0-0 6. 0-0 Re8 7. a3 Bxc3 8. dxc3 e4 9. Nd4 Ne5 10. c5 b6 11. cxb6 axb6 12. Bf4 Bb7 13. Nb5 d6 14. Qc2 Qd7 15. Nd4 c5 16. Nb3 Qe6 17. Rfd1 d5 18. Bxe5 Qxe5 19. e3 Ba6 20. Bf1 Qh5 21. Bxa6 Rxa6 22. Rd2 Qh3 23. Qd1 Ng4 24. f4 c4 25. Qe2 b5 26. Nd4 Rg6 27. Re1 Rb8 28. Qg2 Qh5 29. Nc2 Nf6 30. Nb4 Qf5 31. Red1 Rd8 32. Nc6 Re8 33. Nd4 Qd7 34. Rf1 Ng4 35. Re2 f5 36. Rd1 h5 37. Nc2 h4 38. Nb4 Nf6 39. Red2 hxg3 40. hxg3 Qa7 41. Rd4 Nh5 42. Kf2 Rxg3 43. Qxg3 Nxg3 44. Kxg3 Qb6 45. Rg1 Qg6+ 46. Kf2 Qh5 47. Rg3 Qh2+ 48. Rg2 Qh4+ 49. Ke2 Qh1 50. Rf2 Re6 51. Rd1 Qh5+ 52. Kd2 Rg6 53. Nc2 Rg3 54. Nd4 Rxe3 55. Rg1 Rd3+ 56. Kc1 Rh3 57. Rfg2 Rh1 58. Rxg7+ Kh8 59. Rg8+ Kh7 60. R8g7+ Kh6 61. Kb1 Rxg1+ 62. Rxg1 Qh3 63. Ka2 e3 64. Rg3 Qxg3 65. Nxf5+ Kh5 66. Nxg3+ Kg4 67. Ne2 Kf3 68. Nd4+ Kxf4 69. Kb1 Kg3 70. Kc2 Kf2 71. Kd1 Kf1 72. Ne2 Kf2 73. Nf4 1/2-1/2

[Event "Centrocoop Sept op-A"]
[Site "Eforie Nord"]
[Date "1998.??.??"]
[Round "?"]
[White "Petcoiu, Constantin"]
[Black "Martin, Teodor Vasile"]
[Result "0-1"]
[WhiteElo "1675"]
[BlackElo "2115"]
[PlyCount "62"]
[EventDate "1998.09.??"]
[EventType "swiss"]
[EventRounds "11"]
[EventCountry "ROU"]
[SourceTitle "EXT 2000"]
[Source "ChessBase"]
[SourceDate "1999.11.16"]
[SourceVersion "1"]
[SourceVersionDate "1999.11.16"]
[SourceQuality "1"]

1. e4 c5 2. Nf3 d6 3. d4 cxd4 4. Nxd4 Nf6 5. Nc3 g6 6. f3 Bg7 7. Be3 0-0 8. Bc4 Nc6 9. Qd2 a5 10. a4 Bd7 11. g4 Rc8 12. Bb3 Nxd4 13. Bxd4 Be6 14. Bxe6 fxe6 15. 0-0-0 Nd7 16. Bxg7 Kxg7 17. f4 Qb6 18. h4 h6 19. h5 g5 20. fxg5 Qf2 21. gxh6+ Kh7 22. g5 Qxd2+ 23. Rxd2 Nc5 24. Re2 Rf4 25. Kd2 Rg4 26. g6+ Kxh6 27. Rf2 Nd7 28. Rf7 Ne5 29. Rh7+ Kg5 30. g7 Rg8 31. h6 Nf7 0-1